<?xml version="1.0" encoding="UTF-8"?>
<record
    xmlns:xsi="http://www.w3.org/2001/XMLSchema-instance"
    xsi:schemaLocation="http://www.loc.gov/MARC21/slim http://www.loc.gov/standards/marcxml/schema/MARC21slim.xsd"
    xmlns="http://www.loc.gov/MARC21/slim">

  <leader>01081nam a2200181Ia 4500</leader>
  <controlfield tag="008">151202s9999||||xx |||||||||||||| ||und||</controlfield>
  <datafield tag="082" ind1=" " ind2=" ">
    <subfield code="b">PNVM-69502</subfield>
  </datafield>
  <datafield tag="100" ind1=" " ind2=" ">
    <subfield code="a">&#x921;&#x941;&#x928;&#x93E;&#x902;&#x91F; &#x938;&#x93E;&#x930;&#x93E; / &#x905;&#x928;&#x941; - &#x915;&#x93E;&#x923;&#x947; &#x938;&#x941;&#x928;&#x940;&#x924;&#x93F;.</subfield>
  </datafield>
  <datafield tag="245" ind1=" " ind2=" ">
    <subfield code="a">&#x938;&#x947;&#x915;&#x94D;&#x930;&#x947;&#x91F; &#x939;&#x93E;&#x930;&#x94D;&#x91F;&#x938; - &#x905;&#x916;&#x947;&#x930; &#x924;&#x93F;&#x91A;&#x940; &#x938;&#x941;&#x91F;&#x915;&#x93E; &#x92E;&#x943;&#x924;&#x94D;&#x92F;&#x942;&#x91A;&#x94D;&#x92F;&#x93E; &#x926;&#x93E;&#x930;&#x93E;&#x924;&#x942;&#x928; &#x939;&#x94B;&#x924;&#x947;.</subfield>
  </datafield>
  <datafield tag="260" ind1=" " ind2=" ">
    <subfield code="b">"&#x92E;&#x947;&#x939;&#x924;&#x93E; &#x92A;&#x92C;&#x94D;&#x932;&#x93F;&#x936;&#x93F;&#x902;&#x917; &#x939;&#x93E;&#x90A;&#x938;, &#x92A;&#x941;&#x923;&#x947;."</subfield>
  </datafield>
  <datafield tag="260" ind1=" " ind2=" ">
    <subfield code="c">69502</subfield>
  </datafield>
  <datafield tag="300" ind1=" " ind2=" ">
    <subfield code="a">408</subfield>
  </datafield>
  <datafield tag="600" ind1=" " ind2=" ">
    <subfield code="a">&#x921;&#x941;&#x928;&#x93E;&#x902;&#x91F; &#x938;&#x93E;&#x930;&#x93E; / &#x905;&#x928;&#x941; - &#x915;&#x93E;&#x923;&#x947; &#x938;&#x941;&#x928;&#x940;&#x924;&#x93F;.</subfield>
  </datafield>
  <datafield tag="630" ind1=" " ind2=" ">
    <subfield code="a">&#x938;&#x947;&#x915;&#x94D;&#x930;&#x947;&#x91F; &#x939;&#x93E;&#x930;&#x94D;&#x91F;&#x938; - &#x905;&#x916;&#x947;&#x930; &#x924;&#x93F;&#x91A;&#x940; &#x938;&#x941;&#x91F;&#x915;&#x93E; &#x92E;&#x943;&#x924;&#x94D;&#x92F;&#x942;&#x91A;&#x94D;&#x92F;&#x93E; &#x926;&#x93E;&#x930;&#x93E;&#x924;&#x942;&#x928; &#x939;&#x94B;&#x924;&#x947;.</subfield>
  </datafield>
  <datafield tag="700" ind1=" " ind2=" ">
    <subfield code="a">&#x921;&#x941;&#x928;&#x93E;&#x902;&#x91F; &#x938;&#x93E;&#x930;&#x93E; / &#x905;&#x928;&#x941; - &#x915;&#x93E;&#x923;&#x947; &#x938;&#x941;&#x928;&#x940;&#x924;&#x93F;.</subfield>
  </datafield>
  <datafield tag="730" ind1=" " ind2=" ">
    <subfield code="a">&#x938;&#x947;&#x915;&#x94D;&#x930;&#x947;&#x91F; &#x939;&#x93E;&#x930;&#x94D;&#x91F;&#x938; - &#x905;&#x916;&#x947;&#x930; &#x924;&#x93F;&#x91A;&#x940; &#x938;&#x941;&#x91F;&#x915;&#x93E; &#x92E;&#x943;&#x924;&#x94D;&#x92F;&#x942;&#x91A;&#x94D;&#x92F;&#x93E; &#x926;&#x93E;&#x930;&#x93E;&#x924;&#x942;&#x928; &#x939;&#x94B;&#x924;&#x947;.</subfield>
  </datafield>
  <datafield tag="942" ind1=" " ind2=" ">
    <subfield code="c">BOOK</subfield>
  </datafield>
  <datafield tag="999" ind1=" " ind2=" ">
    <subfield code="c">1336012</subfield>
    <subfield code="d">1336009</subfield>
  </datafield>
  <datafield tag="952" ind1=" " ind2=" ">
    <subfield code="0">0</subfield>
    <subfield code="1">0</subfield>
    <subfield code="4">0</subfield>
    <subfield code="7">0</subfield>
    <subfield code="a">PNVM</subfield>
    <subfield code="b">PNVM</subfield>
    <subfield code="d">2015-06-21</subfield>
    <subfield code="g">0.00</subfield>
    <subfield code="l">0</subfield>
    <subfield code="o">PNVM-69502</subfield>
    <subfield code="p">PNVM-69502</subfield>
    <subfield code="r">2015-12-02 00:00:00</subfield>
    <subfield code="v">0.00</subfield>
    <subfield code="w">2015-12-02</subfield>
    <subfield code="y">BOOK</subfield>
  </datafield>
</record>
